000 00622nam a2200205Ia 4500
008 191130s2008##################000#0#eng##
020 _a9780521874144
022 _a2008273922
040 _aACL
_cACL
082 _a621.382 MAD
100 _aMadhow, Upamanyu
245 _aFundamentals of digital communication
_cUpamanyu Madhow
260 _aCambridge
_bCambridge University Press
_c2008
300 _axiv, 499 p. : ill. ; 26 cm
500 _aIncludes bibliographical references and index
650 _aDigital communications
990 _a42540c2aac10000c3cfce8778983bc45
991 _a159321
999 _c264252
_d264252